| 000 | 00970cam a2200229 4500 | ||
|---|---|---|---|
| 001 | WB3740-23 | ||
| 008 | 011024n2001 000 0 eng u | ||
| 035 | _a(Sirsi) u115265 | ||
| 245 | _aArbitrators and experts may unite | ||
| 260 | _c2001 | ||
| 490 |
_aEstates Gazette _v(0142) 20 October 2001, 43(1) |
||
| 520 | _aThe main organisations for arbitrators and independent experts, Arbrix and Index respectively, may merge. Both organisations will put the proposal to their members at EGMs to coincide with their joint conference on 15 November 2001. By the end of 2001, the RICS, which appoints arbitrators and independent experts in rent review disputes, will only appoint practitioners who have passed new exams. | ||
| 590 | _aWB | ||
| 650 | _aARBITRATORS | ||
| 650 | _aINDEPENDENT EXPERTS | ||
| 650 | _aMERGERS | ||
| 650 | _aRICS | ||
| 650 | _aARBRIX | ||
| 650 | _aINDEX | ||
| 690 | _aMANAGEMENT-BUSINESS MANAGEMENT-PROFESSIONAL PRACTICE | ||
| 942 | _n0 | ||
| 999 |
_c68648 _d68648 |
||